[Event "POL-chT3 Podkarpackie"]
[Site "Czudec"]
[Date "2016.05.27"]
[Round "1.17"]
[White "Krzywon, Leszek"]
[Black "Pejski, Adam"]
[Result "1/2-1/2"]
[WhiteElo "1838"]
[BlackElo "1399"]
[PlyCount "59"]
[EventDate "2016.05.27"]
[EventType "team-tourn"]
[EventRounds "9"]
[EventCountry "POL"]
[SourceTitle "EXT 2018"]
[Source "ChessBase"]
[SourceDate "2017.10.13"]
[SourceVersion "1"]
[SourceVersionDate "2017.10.13"]
[SourceQuality "1"]
[WhiteTeam "Przemysl MKS Polonia"]
[BlackTeam "Ustrzyki Dolne"]
[WhiteTeamCountry "POL"]
[BlackTeamCountry "POL"]

1. c4 Nf6 2. Nc3 g6 3. Nf3 Bg7 4. g3 0-0 5. Bg2 c5 6. 0-0 d6 7. h3 Bd7 8. d3 Nc6 9. Kh2 a6 10. Ng1 Rb8 11. f4 b5 12. cxb5 axb5 13. Ne4 Qb6 14. Rb1 Be6 15. b3 Nb4 16. Qd2 Nxe4 17. Bxe4 d5 18. Bg2 Rfd8 19. a3 Nc6 20. e3 c4 21. bxc4 dxc4 22. d4 Bf5 23. Ra1 Nxd4 24. exd4 Bxd4 25. Qa2 Bxa1 26. Qxa1 b4 27. axb4 Qxb4 28. Ba3 Qd2 29. Nf3 Qa5 30. Bxe7 1/2-1/2

[Event "POL-chT3 Podkarpackie"]
[Site "Pstragowa"]
[Date "2014.05.02"]
[Round "5.17"]
[White "Krzywon, Leszek"]
[Black "Czopor, Maciej"]
[Result "0-1"]
[WhiteElo "1857"]
[BlackElo "1677"]
[PlyCount "142"]
[EventDate "2014.04.30"]
[EventType "team-tourn"]
[EventRounds "9"]
[EventCountry "POL"]
[SourceTitle "EXT 2015"]
[Source "ChessBase"]
[SourceDate "2014.11.20"]
[SourceVersion "1"]
[SourceVersionDate "2014.11.20"]
[SourceQuality "1"]
[WhiteTeam "Przemysl MKS Polonia"]
[BlackTeam "Stara Wies Parnas"]
[WhiteTeamCountry "POL"]
[BlackTeamCountry "POL"]

1. c4 e5 2. Nc3 Nf6 3. d3 d5 4. cxd5 Nxd5 5. g3 Nc6 6. Bg2 Be6 7. a3 Be7 8. Nf3 0-0 9. 0-0 Qd7 10. Ng5 Bxg5 11. Bxg5 f6 12. Bd2 Rad8 13. Rc1 Rfe8 14. Ne4 Qf7 15. h3 Nd4 16. Kh2 b6 17. e3 Nb5 18. Qe2 Nd6 19. Rfd1 c5 20. Bc3 Nxe4 21. dxe4 Nxc3 22. Rxc3 Rd7 23. Rxd7 Bxd7 24. Qd1 Bb5 25. Qd5 Re7 26. Qxf7+ Kxf7 27. Bf3 Rd7 28. Kg2 Rd2 29. b3 Rd3 30. Rxd3 Bxd3 31. Bd1 Bxe4+ 32. f3 Bd3 33. e4 Ke6 34. Kf2 g5 35. Ke3 Bf1 36. h4 gxh4 37. gxh4 Kf7 38. f4 Ke6 39. f5+ Kd6 40. Kf2 Ba6 41. Kg3 c4 42. b4 c3 43. Bc2 Bc4 44. Kf3 a5 45. Ke3 axb4 46. axb4 Kc6 47. Ba4+ Kd6 48. Bc2 Kc6 49. Ba4+ Kd6 50. Bc2 b5 51. Bd1 Ke7 52. Bc2 Kf7 53. Kf2 Kg7 54. Ke3 Kh6 55. Bd1 c2 56. Bxc2 Kh5 57. Bd1+ Kxh4 58. Kf2 Kg5 59. Kg3 h5 60. Bf3 h4+ 61. Kh3 Kf4 62. Bg4 Bd3 63. Kxh4 Bxe4 64. Be2 Bc6 65. Bg4 e4 66. Kh5 e3 67. Be2 Bf3+ 68. Bxf3 Kxf3 69. Kg6 e2 70. Kxf6 e1Q 71. Kg7 Qe7+ 0-1

[Event "POL-chT3 Podkarpackie"]
[Site "Pstragowa"]
[Date "2014.05.01"]
[Round "2.11"]
[White "Babiarz, Arkadiusz"]
[Black "Krzywon, Leszek"]
[Result "0-1"]
[WhiteElo "1407"]
[BlackElo "1857"]
[PlyCount "58"]
[EventDate "2014.04.30"]
[EventType "team-tourn"]
[EventRounds "9"]
[EventCountry "POL"]
[SourceTitle "EXT 2015"]
[Source "ChessBase"]
[SourceDate "2014.11.20"]
[SourceVersion "1"]
[SourceVersionDate "2014.11.20"]
[SourceQuality "1"]
[WhiteTeam "Rzeszow II"]
[BlackTeam "Przemysl MKS Polonia"]
[WhiteTeamCountry "POL"]
[BlackTeamCountry "POL"]

1. e4 e5 2. Nf3 Nc6 3. Bc4 h6 4. d4 exd4 5. 0-0 Bc5 6. c3 Bb6 7. cxd4 d6 8. Nc3 Nge7 9. d5 Ne5 10. Nxe5 dxe5 11. Kh1 Ng6 12. Na4 0-0 13. Nxb6 axb6 14. g3 Bh3 15. Rg1 Bd7 16. f4 f5 17. fxe5 Nxe5 18. Qe2 Nxc4 19. Qxc4 Ra4 20. Qc3 Rxe4 21. Bf4 c6 22. d6 Be6 23. Rge1 Bd5 24. Rxe4 fxe4 25. Qe3 b5 26. a4 Qf6 27. Qc3 Qe6 28. axb5 e3+ 29. Kg1 Qe4 0-1

[Event "POL-chT 2nd League"]
[Site "Mrzezyno"]
[Date "2011.09.08"]
[Round "6"]
[White "Krzywon, Leszek"]
[Black "Dobrowolski, Marcin"]
[Result "1/2-1/2"]
[WhiteElo "1847"]
[BlackElo "1955"]
[PlyCount "61"]
[EventDate "2011.09.03"]
[EventType "team-swiss"]
[EventRounds "9"]
[EventCountry "POL"]
[SourceTitle "EXT 2015"]
[Source "ChessBase"]
[SourceDate "2014.11.20"]
[SourceVersion "1"]
[SourceVersionDate "2014.11.20"]
[SourceQuality "1"]
[WhiteTeam "Przemysl MKS Polonia"]
[BlackTeam "Otwock UKS MDK"]
[WhiteTeamCountry "POL"]
[BlackTeamCountry "POL"]

1. c4 g6 2. g3 Bg7 3. Bg2 d6 4. Nc3 e5 5. d3 f5 6. e3 Nf6 7. Nge2 Nc6 8. Rb1 0-0 9. b4 g5 10. f4 gxf4 11. b5 f3 12. Bxf3 Ne7 13. 0-0 Ng4 14. Bxg4 fxg4 15. Rxf8+ Bxf8 16. e4 Be6 17. Be3 Ng6 18. Qd2 Qd7 19. Nd5 Bg7 20. Rf1 c6 21. bxc6 bxc6 22. Nf6+ Bxf6 23. Rxf6 Rf8 24. Rxf8+ Nxf8 25. Bh6 Ng6 26. Nc3 Qb7 27. Qf2 Qf7 28. Qxf7+ Kxf7 29. Be3 a6 30. Kf2 Ne7 31. a3 1/2-1/2

[Event "POL-chT 2nd League"]
[Site "Mrzezyno"]
[Date "2011.09.05"]
[Round "3.81"]
[White "Krzywon, Leszek"]
[Black "Stepien, Marcin"]
[Result "1/2-1/2"]
[WhiteElo "1847"]
[BlackElo "2132"]
[PlyCount "113"]
[EventDate "2011.09.03"]
[EventType "team-swiss"]
[EventRounds "9"]
[EventCountry "POL"]
[SourceTitle "EXT 2019"]
[Source "ChessBase"]
[SourceDate "2018.10.10"]
[SourceVersion "1"]
[SourceVersionDate "2018.10.10"]
[SourceQuality "1"]
[WhiteTeam "Przemysl MKS Polonia"]
[BlackTeam "Wisznia Mala OKSiR"]
[WhiteTeamCountry "POL"]
[BlackTeamCountry "POL"]

1. f4 d5 2. Nf3 Nf6 3. g3 e6 4. Bg2 Bd6 5. 0-0 c5 6. b3 Nc6 7. Bb2 0-0 8. h3 Re8 9. e3 e5 10. Kh2 Qc7 11. Ng1 b6 12. Nc3 Ba6 13. Rf2 exf4 14. exf4 d4 15. Nd5 Nxd5 16. Bxd5 Rad8 17. d3 Bb7 18. Qf3 Re3 19. Qg2 Rde8 20. Raf1 R3e7 21. Bc1 Nb4 22. Bxb7 Qxb7 23. Qxb7 Rxb7 24. a3 Nd5 25. Kg2 Rbe7 26. Bd2 f5 27. Kf3 Kf7 28. Re2 Rxe2 29. Nxe2 h5 30. Nc1 Ne3 31. Bxe3 Rxe3+ 32. Kg2 g5 33. a4 h4 34. gxh4 Bxf4 35. hxg5 Rg3+ 36. Kf2 Rxh3 37. Ne2 Be5 38. Rg1 Kg6 39. Kg2 Rh2+ 40. Kf3 Rh3+ 41. Kg2 Rh5 42. Kf3 Rxg5 43. Rh1 Rh5 44. Rg1+ Kf7 45. Rf1 Rh3+ 46. Kg2 Rh2+ 47. Kf3 Bf6 48. Rg1 Bh4 49. Rg2 Rh3+ 50. Kf4 Kf6 51. Ng1 Rh1 52. Nf3 Be1 53. Rg8 Ba5 54. Rf8+ Ke6 55. Re8+ Kd7 56. Re2 Rf1 57. Kg3 1/2-1/2

[Event "POL-chT 2nd League"]
[Site "Mrzezyno"]
[Date "2011.09.04"]
[Round "2"]
[White "Hanusek, Sebastian"]
[Black "Krzywon, Leszek"]
[Result "1-0"]
[WhiteElo "2028"]
[BlackElo "1847"]
[PlyCount "73"]
[EventDate "2011.09.03"]
[EventType "team-swiss"]
[EventRounds "9"]
[EventCountry "POL"]
[SourceTitle "EXT 2015"]
[Source "ChessBase"]
[SourceDate "2014.11.20"]
[SourceVersion "1"]
[SourceVersionDate "2014.11.20"]
[SourceQuality "1"]
[WhiteTeam "Wolsztyn UKS Szach"]
[BlackTeam "Przemysl MKS Polonia"]
[WhiteTeamCountry "POL"]
[BlackTeamCountry "POL"]

1. e4 g6 2. d4 Bg7 3. Bc4 e6 4. Nc3 Ne7 5. Bg5 h6 6. Bh4 0-0 7. Nf3 a6 8. Qd2 b5 9. Bb3 Qe8 10. 0-0-0 d6 11. e5 d5 12. g4 Nd7 13. Bf6 Nxf6 14. exf6 Bxf6 15. Qxh6 Bg7 16. Qh4 f6 17. Qg3 Ra7 18. h4 Kf7 19. Rde1 Rh8 20. Ne2 a5 21. c3 b4 22. Bc2 bxc3 23. bxc3 Rb7 24. Nf4 Qc6 25. g5 f5 26. h5 Qd6 27. h6 Bf8 28. Ne5+ Ke8 29. Nfxg6 Qa3+ 30. Kd2 Nxg6 31. Nxg6 Bd6 32. Qf3 Rh7 33. Qxd5 Rb2 34. Rxe6+ Bxe6 35. Qxe6+ Re7 36. Qc8+ Kf7 37. Nh8# 1-0